000 00591nam a22002177a 4500
003 PILC
005 20151007103740.0
008 130205t xxu||||| |||| 00| 0 eng d
020 _a9812448497
050 _aPE 1112
_b.P918 2010
082 _aM 415
_bF722 2010
100 _aForlini, Gary.
245 _aPrentice-Hall grammar and composition /
_cGary Forlini and 6 others.
260 _aSingapore :
_bPearson,
_c2010.
300 _a880 pages :
_billustrations ;
_c21 cm.
500 _aIncludes index.
526 _c1210L-1700L
562 _e1
942 _2lcc
_cBK
999 _c15832
_d15832